Služby zamestnanosti a zamestnávatelia

Služby zamestnanosti - pojem. Sprostredkovanie zamestnania za úhradu. Agentúra dočasného zamestnávania, podporovaného zamestnania. Úrady práce, sociálnych vecí a rodiny.

Saved in:
Bibliographic Details
Main Author: Tichý, Miroslav
Format: Book Chapter
Language:Slovak
Subjects:
Tags: Add Tag
No Tags, Be the first to tag this record!

MARC

LEADER 00000naa$a2200000$$$4500
001 0086058
005 20231120082737.3
041 0 |a slo 
044 |a SK 
245 1 0 |a Služby zamestnanosti a zamestnávatelia  |c Miroslav Tichý 
520 |a Služby zamestnanosti - pojem. Sprostredkovanie zamestnania za úhradu. Agentúra dočasného zamestnávania, podporovaného zamestnania. Úrady práce, sociálnych vecí a rodiny. 
610 2 0 |a sprostredkovanie práce 
610 2 0 |a poradenstvo profesionálne 
610 2 0 |a úpravy právne 
610 2 0 |a zamestnávatelia 
100 1 |a Tichý, Miroslav